Library Logo

American life and literature : (Record no. 156832)

000 -LEADER
fixed length control field 00674cam a2200229u 4500
001 - CONTROL NUMBER
control field 6024302
003 - CONTROL NUMBER IDENTIFIER
control field BD-DhUL
005 - DATE AND TIME OF LATEST TRANSACTION
control field 20170209162312.0
008 - FIXED-LENGTH DATA ELEMENTS--GENERAL INFORMATION
fixed length control field 810220s1952 au 000 0 eng
010 ## - LIBRARY OF CONGRESS CONTROL NUMBER
LC control number 50035418
040 ## - CATALOGING SOURCE
Original cataloging agency DLC
Transcribing agency CarP
Modifying agency DLC
-- BD-DhUL
050 00 - LIBRARY OF CONGRESS CALL NUMBER
Classification number PS509.H5
Item number S4
082 ## - DEWEY DECIMAL CLASSIFICATION NUMBER
Classification number 810.8
Item number SIA
100 1# - MAIN ENTRY--PERSONAL NAME
Personal name Sieberer, Anton.
245 10 - TITLE STATEMENT
Title American life and literature :
Remainder of title an anthology /
Statement of responsibility, etc. Anton Sieberer.
260 ## - PUBLICATION, DISTRIBUTION, ETC. (IMPRINT)
Place of publication, distribution, etc. Wien :
Name of publisher, distributor, etc. Neue Welt ,
Date of publication, distribution, etc. 1952.
300 ## - PHYSICAL DESCRIPTION
Extent xiv, 445 p.;
Dimensions 24 cm.
650 #0 - SUBJECT ADDED ENTRY--TOPICAL TERM
Topical term or geographic name as entry element American literature.
651 #0 - SUBJECT ADDED ENTRY--GEOGRAPHIC NAME
Geographic name United States
General subdivision In literature.
700 1# - ADDED ENTRY--PERSONAL NAME
Personal name Krejeik, Norbert, [from old catalog]
Relator term joint author.
942 ## - ADDED ENTRY ELEMENTS (KOHA)
Source of classification or shelving scheme
Koha item type Books
Holdings
Price effective from Date last seen Permanent Location Not for loan Date acquired Source of classification or shelving scheme Koha item type Lost status Withdrawn status Copy number Source of acquisition Collection code Damaged status Shelving location Barcode Current Location Full call number
2017-02-092017-02-09Dhaka University Library 1957-12-21 Books  1PurchasedNon Fiction General StacksA2491Dhaka University Library810.8 SIA
Last Updated on September 15, 2019
© Dhaka University Library. All Rights Reserved|Staff Login